Sports Quiz

Random Sports or NCAA Quiz

Division I Mid Major Men's Basketball Teams Quiz Stats

 Plays Quiz not verified by Sporcle

Score 0/286 Timer 20:00
0 Plays Today
Hint Answer % Correct
Southwestern Athletic (SWAC)Southern
93.5%
West Coast (WCC)Gonzaga
93.4%
Big SkyNorth Dakota
93.3%
Mountain West (MW)New Mexico
93.2%
West Coast (WCC)San Diego
92.6%
SummitSouth Dakota
92.5%
Ivy LeagueHarvard
92.1%
Mountain West (MW)Utah St
92%
West Coast (WCC)BYU
91.9%
Western Athletic (WAC)New Mexico St
91.9%
SummitNorth Dakota St
91.8%
Ivy LeaguePennsylvania
91.6%
SummitSouth Dakota St
91.4%
Ivy LeagueYale
91.4%
AmericanHouston
90.8%
Big SkyIdaho
90.7%
Mountain West (MW)Colorado St
90.3%
Sun BeltGeorgia St
90.3%
Mountain West (MW)Boise St
90.2%
Ivy LeaguePrinceton
90.1%
West Coast (WCC)Portland
90%
Ivy LeagueBrown
90%
Mid American (MAC)Western Michigan
89.9%
Big WestHawaii
89.8%
Mid American (MAC)Eastern Michigan
89.8%
Mountain West (MW)San Diego St
89.3%
Mountain West (MW)Wyoming
89.2%
Ivy LeagueDartmouth
89.2%
West Coast (WCC)St. Mary's
89.2%
Mid American (MAC)Central Michigan
89.1%
Mountain West (MW)Nevada
89%
Ivy LeagueCornell
89%
Mountain West (MW)UNLV
89%
Missouri Valley (MVC)Indiana St
88.8%
Mid American (MAC)Buffalo
88.8%
Mid American (MAC)Ohio
88.7%
Mountain West (MW)Air Force
88.6%
Ivy LeagueColumbia
88.6%
Big EastCreighton
88.6%
AmericanTulsa
88.6%
Big EastButler
88.4%
Atlantic 10Massachusetts
88.4%
Big SkyMontana
88.3%
American EastVermont
88.3%
Mid American (MAC)Northern Illinois
88.2%
Big EastGeorgetown
88.1%
Big EastProvidence
88.1%
Sun BeltArkansas St
87.9%
AmericanTulane
87.8%
PatriotNavy
87.8%
Conference USA (C-USA)Western Kentucky
87.6%
Sun BeltGeorgia Southern
87.5%
AmericanUCF
87.5%
PatriotArmy
87.4%
Atlantic 10Rhode Island
87.3%
Missouri Valley (MVC)Wichita St
87.3%
Conference USA (C-USA)UTEP
87.2%
Sun BeltTexas St
87.1%
Big EastSt John's
87%
Missouri Valley (MVC)Loyola (IL)
87%
PatriotLoyola (MD)
87%
Mid American (MAC)Akron
87%
Sun BeltLA-Lafayette
86.9%
Big SkyIdaho St
86.9%
Sun BeltUL Monroe
86.9%
Colonial Athletic (CAA)Delaware
86.8%
AmericanMemphis
86.7%
AmericanConnecticut
86.6%
Mid American (MAC)Toledo
86.6%
American EastNew Hampshire
86.5%
Big EastMarquette
86.5%
American EastMaine
86.3%
AmericanSouthern Methodist
86.3%
AmericanTemple
86.1%
Missouri Valley (MVC)Northern Iowa
85.9%
Missouri Valley (MVC)Southern Illinois
85.8%
Big EastXavier
85.8%
AmericanSouth Florida
85.8%
AmericanCincinnati
85.7%
Big EastVillanova
85.7%
Big SkyMontana St
85.3%
Missouri Valley (MVC)Missouri St
85.3%
Missouri Valley (MVC)Illinois St
85.3%
West Coast (WCC)San Francisco
85.3%
Mountain West (MW)Fresno St
85.2%
HorizonUW Green Bay
84.8%
Conference USA (C-USA)Louisiana Tech
84.7%
Mid American (MAC)Bowling Green
84.7%
Conference USA (C-USA)UTSA
84.6%
Atlantic 10VCU
84.6%
Atlantic 10George Washington
84.5%
Mountain West (MW)San Jose St
84.5%
AmericanEast Carolina
84.4%
Conference USA (C-USA)North Texas
84.4%
Atlantic 10Dayton
84.4%
Western Athletic (WAC)Seattle
84.4%
Hint Answer % Correct
Big EastDepaul
84.4%
Mid American (MAC)Miami
84.3%
Conference USA (C-USA)Florida International
84.2%
Conference USA (C-USA)UAB
84.1%
Atlantic 10St Louis
83.9%
Ohio Valley (OVC)Eastern Kentucky
83.9%
Mid American (MAC)Ball St
83.9%
Atlantic 10George Mason
83.7%
West Coast (WCC)Pepperdine
83.7%
Conference USA (C-USA)Marshall
83.7%
Southwestern Athletic (SWAC)Alabama St
83.7%
Big SkyEastern Washington
83.6%
HorizonUW Milwaukee
83.5%
Big SkyNorthern Arizona
83.4%
Conference USA (C-USA)Florida Atlantic
83.3%
Mid American (MAC)Kent St
83.1%
PatriotAmerican
83.1%
SummitIUPUI
83%
Conference USA (C-USA)Southern Miss
83%
Conference USA (C-USA)Rice
82.9%
Atlantic SunJacksonville
82.8%
HorizonDetroit
82.8%
Big SkyPortland St
82.7%
Mid Eastern Athletic (MEAC)South Carolina St
82.6%
Big WestUC Irvine
82.5%
SummitDenver
82.4%
Atlantic SunNJIT
82.4%
Conference USA (C-USA)Middle Tennesee
82.2%
Big EastSeton Hall
82.1%
Sun BeltSouth Alabama
81.8%
Mid Eastern Athletic (MEAC)Delaware St
81.6%
Sun BeltArkansas Little Rock
81.4%
Atlantic 10Richmond
81.3%
Atlantic 10Davidson
81.2%
HorizonCleveland St
81.1%
Ohio Valley (OVC)Eastern Illinois
81.1%
American EastAlbany
80.9%
Conference USA (C-USA)Charlotte
80.9%
Atlantic SunFlorida Gulf Coast
80.8%
PatriotBoston U
80.7%
HorizonOakland
80.7%
Sun BeltTroy
80.7%
Missouri Valley (MVC)Drake
80.6%
SummitWestern Illinois
80.6%
Ohio Valley (OVC)Tennessee St
80.2%
American EastUMBC
80.1%
PatriotLafayette
79.9%
SummitOmaha
79.7%
Atlantic 10St Joseph's
79.5%
Big WestUC Davis
79.4%
Western Athletic (WAC)Chicago St
79.4%
PatriotLehigh
79.1%
SouthernUNC Greensboro
79%
Southwestern Athletic (SWAC)Texas Southern
78.7%
HorizonValparaiso
78.6%
Ohio Valley (OVC)Tennessee Tech
78.5%
Ohio Valley (OVC)Belmont
78.3%
Colonial Athletic (CAA)Charleston
78.2%
West Coast (WCC)Pacific
78%
Colonial Athletic (CAA)UNC-Wilmington
78%
West Coast (WCC)Loyola Marymount
78%
Conference USA (C-USA)Old Dominion
78%
Northeast (NEC)Central Connecticut St
77.9%
Big WestUC Santa Barbara
77.8%
Southwestern Athletic (SWAC)Alabama A&M
77.7%
SummitOral Roberts
77.6%
Western Athletic (WAC)UMKC
77.5%
Ohio Valley (OVC)Murray St
77.5%
Atlantic SunNorth Florida
77.3%
PatriotBucknell
77.3%
SouthlandSF Austin
77.2%
Ohio Valley (OVC)Jacksonville St
77%
West Coast (WCC)Santa Clara
77%
Big SkyNorthern Colorado
76.9%
SouthernVMI
76.8%
Mid Eastern Athletic (MEAC)NC A&T
76.8%
Big SouthCoastal Carolina
76.7%
Big SouthUNC Asheville
76.7%
Sun BeltAppalachian St
76.7%
Big SkySouthern Utah
76.6%
HorizonIllinois Chicago
76.6%
Northeast (NEC)St Francis (PA)
76.6%
Mid Eastern Athletic (MEAC)Florida A&M
76.6%
Northeast (NEC)St Francis (NY)
76.5%
Big WestCS Fullerton
76.4%
Metro Atlantic Athletic (MAAC)Manhattan
76.1%
Western Athletic (WAC)Grand Canyon
76.1%
Missouri Valley (MVC)Bradley
76%
American EastHartford
75.9%
Big WestLong Beach St
75.9%
Big SkySacramento St
75.9%
HorizonNorthern Kentucky
75.9%
Metro Atlantic Athletic (MAAC)Iona
75.8%
Southwestern Athletic (SWAC)Grambling St
75.7%
Southwestern Athletic (SWAC)Arkansas Pine Bluff
75.4%
Colonial Athletic (CAA)Northeastern
75.3%
Hint Answer % Correct
Southwestern Athletic (SWAC)Jackson St
75.3%
Missouri Valley (MVC)Evansville
75.1%
SummitIPFW
75%
Mid Eastern Athletic (MEAC)Maryland Eastern Shore
74.9%
Big SkyWeber St
74.8%
SouthlandSam Houston St
74.8%
Colonial Athletic (CAA)James Madison
74.8%
Mid Eastern Athletic (MEAC)Howard
74.8%
Western Athletic (WAC)Utah Valley
74.7%
PatriotHoly Cross
74.5%
HorizonYoungstown St
74.4%
SouthernCitadel
74.2%
Colonial Athletic (CAA)Drexel
74.1%
SouthernChattanooga
74%
Atlantic 10St Bonaventure
73.9%
SouthernWofford
73.8%
SouthlandNew Orleans
73.8%
Mid Eastern Athletic (MEAC)Hampton
73.5%
SouthernEast Tennessee St
72.9%
Big WestCal Poly
72.8%
Metro Atlantic Athletic (MAAC)Siena
72.8%
Atlantic 10La Salle
72.8%
Northeast (NEC)Robert Morris
72.8%
Big WestUC Riverside
72.5%
Southwestern Athletic (SWAC)Miss Valley St
72.3%
Atlantic 10Fordham
72.3%
Atlantic 10Duquesne
72.2%
Colonial Athletic (CAA)William & Mary
72%
SouthernMercer
71.6%
Western Athletic (WAC)CSU Bakersfield
71.4%
Mid Eastern Athletic (MEAC)Norfolk St
71.2%
SouthernWestern Carolina
71.2%
HorizonWright St
71.1%
Big SouthLiberty
71.1%
PatriotColgate
70.8%
Mid Eastern Athletic (MEAC)NC Central
70.6%
Metro Atlantic Athletic (MAAC)St Peter's
70.6%
Atlantic SunUSC Upstate
70.6%
SouthlandCentral Arkansas
70.6%
Southwestern Athletic (SWAC)Alcorn St
70.5%
Northeast (NEC)LIU Brooklyn
70.4%
American EastStony Brook
70.4%
Sun BeltTX-Arlington
69.9%
Ohio Valley (OVC)SE Missouri St
69.9%
SouthlandLamar
69.8%
Ohio Valley (OVC)Morehead St
69.7%
SouthlandNorthwestern St
69.6%
American EastUMass Lowell
69.6%
American EastBinghamton
69.4%
Mid Eastern Athletic (MEAC)Savannah St
69.4%
Colonial Athletic (CAA)Elon
69.3%
Ohio Valley (OVC)Austin Peay
69.1%
Northeast (NEC)Mount St Mary's
69%
Metro Atlantic Athletic (MAAC)Rider
68.8%
Big WestCS Northridge
68.7%
Ohio Valley (OVC)UT Martin
68.7%
SouthernFurman
68.6%
Big SouthCharleston Southern
68.2%
Colonial Athletic (CAA)Towson
68%
Metro Atlantic Athletic (MAAC)Monmouth
68%
Atlantic SunStetson
67.9%
Western Athletic (WAC)UT Rio Grande Valley
67.8%
SouthlandTexas A&M CC
67.6%
Metro Atlantic Athletic (MAAC)Quinnipiac
67.5%
Metro Atlantic Athletic (MAAC)Canisius
67.2%
Colonial Athletic (CAA)Hofstra
66.9%
Metro Atlantic Athletic (MAAC)Fairfield
66.8%
SouthlandMcNeese St
66.5%
SouthlandHouston Baptist
66.3%
Metro Atlantic Athletic (MAAC)Niagara
66.2%
Northeast (NEC)Bryant
66.2%
Metro Atlantic Athletic (MAAC)Marist
65.9%
SouthlandSE Louisiana
65.8%
Mid Eastern Athletic (MEAC)Bethune-Cookman
65.8%
Big SouthRadford
65.7%
Atlantic SunKennesaw St
65.6%
Mid Eastern Athletic (MEAC)Coppin St
65.4%
Southwestern Athletic (SWAC)Prairie View A&M
65.4%
Ohio Valley (OVC)SIU Edwardsville
65.1%
Mid Eastern Athletic (MEAC)Morgan St
64.8%
Big SouthWinthrop
64.5%
SouthernSamford
64.3%
SouthlandIncarnate Word
64.1%
Northeast (NEC)Fairleigh Dickinson
63.7%
SouthlandNicholls St
63.6%
Big SouthCampbell
63.6%
Atlantic SunLipscomb
63.1%
Northeast (NEC)Wagner
62.9%
Big SouthHigh Point
62.9%
Northeast (NEC)Sacred Heart
62.1%
Big SouthPresbyterian
61.7%
SouthlandAbilene Christian
61.2%
Big SouthGardner-Webb
60.8%
Big SouthLongwood
60.7%

You're not logged in!

Compare scores with friends on all Sporcle quizzes.
OR
Log In

Sporcle TV

Today on Sporcle TV


Watch our educational content, quiz creation guides, and fun videos on Sporcle TV.

Show Comments

Extras

Top Quizzes Today


Score Distribution

Your Account Isn't Verified!

In order to create a playlist on Sporcle, you need to verify the email address you used during registration. Go to your Sporcle Settings to finish the process.

Report this User

Report this user for behavior that violates our Community Guidelines.

Details: